Практикум по физико-химическим методам анализа: учебное пособие

Chi tiết về thư mục
Tác giả khác: Петрухин О. М. (редактор)
Tóm tắt:Практикум составлен для студентов химиков-технологов в соответствии с Программой по курсу аналитической химии для химико-технологических и технологических специальностей высших учебных заведений. Практикум может быть использован для повышения квалификации работников научно-исследовательских институтов, а также инженерно-технических работников, занимающихся проблемами аналитического контроля с привлечением современных физико-химических методов анализа.
Ngôn ngữ:Tiếng Nga
Được phát hành: Москва, Альянс, 2006
Phiên bản:2-е изд., стер.
Những chủ đề:
Định dạng: Sách
KOHA link:https://koha.lib.tpu.ru/cgi-bin/koha/opac-detail.pl?biblionumber=104339

MARC

LEADER 00000nam0a2200000 4500
001 104339
005 20231101214536.0
010 |a 5903034012 
010 |a 5-902449-02-2 
035 |a (RuTPU)RU\TPU\book\112475 
090 |a 104339 
100 |a 20061031d2006 m y0rusy50 ca 
101 0 |a rus 
102 |a RU 
105 |a a j 001zy 
200 1 |a Практикум по физико-химическим методам анализа  |e учебное пособие  |f под ред. О. М. Петрухина 
205 |a 2-е изд., стер. 
210 |a Москва  |c Альянс  |c Путь  |d 2006 
215 |a 248 с.  |c ил. 
320 |a Библиография в конце глав. 
330 |a Практикум составлен для студентов химиков-технологов в соответствии с Программой по курсу аналитической химии для химико-технологических и технологических специальностей высших учебных заведений. Практикум может быть использован для повышения квалификации работников научно-исследовательских институтов, а также инженерно-технических работников, занимающихся проблемами аналитического контроля с привлечением современных физико-химических методов анализа. 
451 1 |0 (RuTPU)RU\TPU\book\35355  |t Практикум по физико-химическим методам анализа  |o учебное пособие  |f Под ред. О. М. Петрухина  |c М.  |n Химия  |d 1987  |p 245 с. 
606 1 |a Физико-химический анализ  |2 stltpush  |3 (RuTPU)RU\TPU\subj\68857  |9 83965 
610 1 |a химический анализ 
610 1 |a физико-химические методы 
610 1 |a спектральные методы 
610 1 |a атомная спектроскопия 
610 1 |a спектральный анализ 
610 1 |a спектрофотометрия 
610 1 |a молекулярная спектроскопия 
610 1 |a фотометрия 
610 1 |a фотометрическое титрование 
610 1 |a фототурбидиметрия 
610 1 |a нефелометрия 
610 1 |a флуориметрия 
610 1 |a электрохимические методы 
610 1 |a кондуктометрия 
610 1 |a высокочастотное титрование 
610 1 |a потенциометрия 
610 1 |a вольтамперометрия 
610 1 |a амперометрическое титрование 
610 1 |a кулонометрия 
610 1 |a электрогравиметрия 
610 1 |a хроматографические методы 
610 1 |a газожидкостная хроматография 
610 1 |a жидкостная хроматография 
610 1 |a распределительная хроматография 
610 1 |a ионообменная хроматография 
610 1 |a гель-хроматография 
610 1 |a учебные пособия 
610 1 |a практикумы 
675 |a 543.4/.5(076.5)  |v 3 
702 1 |a Петрухин  |b О. М.  |4 340 
801 1 |a RU  |b 63413507  |c 20061031  |g PSBO 
801 2 |a RU  |b 63413507  |c 20200702  |g PSBO 
900 |a Аналитическая химия и физико-химические методы анализа 
900 |a Физико-химические методы анализа 
942 |c BK 
952 |b 240000 
959 |a 91/20061031  |d 3  |e 245,00  |f ЧЗТЛ:1  |f УФ:2